Fisonomía histórica de Chile
محفوظ في:
| المؤلف الرئيسي: | |
|---|---|
| التنسيق: | كتاب |
| اللغة: | الإسبانية |
| منشور في: |
Santiago
Universitaria
1992
|
| الطبعة: | 13a. ed |
| سلاسل: | Colección imagen de Chile
|
| الموضوعات: | |
| الوسوم: |
إضافة وسم
لا توجد وسوم, كن أول من يضع وسما على هذه التسجيلة!
|
MARC
| LEADER | 00000nam a2200000 a 4500 | ||
|---|---|---|---|
| 001 | UCY5100 | ||
| 003 | CL-VaPUC | ||
| 008 | 950412e19920000CL |||||||||||||||||spa|d | ||
| 082 | 0 | 4 | |a 983 |b EYZ |2 21 |
| 100 | |a Eyzaguirre Gutiérrez, Jaime |e autor |9 584583 | ||
| 245 | 1 | 0 | |a Fisonomía histórica de Chile |
| 250 | |a 13a. ed | ||
| 300 | |a 190 p | ||
| 942 | |c BK | ||
| 945 | |d 19950412 00:00:00 |a oaravena | ||
| 260 | |a Santiago |b Universitaria |c 1992 | ||
| 650 | 0 | |a Historia |9 255047 | |
| 651 | 7 | |a CHILE |2 CL-VaPUC |9 333716 | |
| 583 | |a last modification |c 19950412 00:00:00 |k Rodrigo Vera | ||
| 490 | 0 | |a Colección imagen de Chile | |
| 999 | |c 232822 |d 232820 | ||
| 952 | |0 0 |1 0 |4 0 |6 983_000000000000000_EYZ_1992 |7 0 |8 A |9 237726 |a BIBCUR |b BIBCUR |d 2019-11-15 |i 3077179 |o 983 EYZ 1992 |p 3077179 |r 2025-04-22 |w 2019-11-15 |y BK |k PER | ||